| 000 | 00490nmm a22001817a 4500 | ||
|---|---|---|---|
| 005 | 20160525145338.0 | ||
| 008 | 150618b xxu||||| |||| 00| 0 spa d | ||
| 041 | _aspa | ||
| 082 | _aSE 146 | ||
| 100 |
_aAmador Marchena, Keylin _910359 |
||
| 245 | _aInforme de práctica supervisada realizado en Ministerio de Hacienda | ||
| 260 | _c2015 | ||
| 650 |
_aCOSTA RICA _910360 |
||
| 650 |
_aEXCEL _98355 |
||
| 650 |
_aBASE DE DATOS _94117 |
||
| 650 |
_aCUENTAS DE CRÉDITO _99837 |
||
| 942 | _cIP | ||
| 999 |
_c8229 _d8229 |
||